000 00434nam a2200181Ia 4500
001 18443
005 20260306171631.0
008 260306s9999||||xx |||||||||||||| ||und||
041 _aESP
082 _a658.404
_bG77
100 _aGraham, Robert J.
_eAUT
245 0 _aAdministración de proyectos exitosos
260 _c1999
300 _a253 páginas :
_c23 cm.
650 _aGEN
654 _aCAN
942 _cLIB
_dJUS
_fJUS
_2ddc
_n
999 _c18443
_d18443